000 00229nam a2200085Ia 4500
245 0 _aEma the rhinoceros
100 _a GREY, Chelsea Gillian Norwalk, 2003
_983424
942 _cBK
008 210817s9999 xx 000 0 und d
999 _c304043
_d304041